00379nam a2200109Ia 4500008004100000100001600041245009100057245003700148260000900185650001300194856006200207170221s9999 xx 000 0 und d aShingo Goto 4aThe Information Content of Corporate Pension Funding Status in Japan (pages 903–949) cShingo Goto and Noriyoshi Yanase c2011 xBusiness uhttp://onlinelibrary.wiley.com/doi/10.1111/jbfa.12197/pdf